000 00655cam a22002172 4500
001 0000003210
005 20151217151919.0
008 070502s xx 000 0 eng d
020 _a8472081354 :
_cKES 2,000
040 _aKABU
_cKABU
050 0 _aHQ755.86
_b.M45 1997
100 1 _aMelgosa, Julian.
_@0000148076
245 1 0 _aTo adolescents and parents /
_cJulian Melgosa.
260 _aMadrid :
_bEditorial Safeliz,
_cc1997.
300 _a191 p.
650 0 _aTeenagers
_xCounseling of.
_@0000152938
650 0 _aParents and teenager.
_@0000152939
908 _a070502
950 _@1
999 _c6279
_d6279